Hair v Gillman and Inskip (Record no. 64419)

MARC details
000 -LEADER
fixed length control field 01173cam a2200205 4500
001 - CONTROL NUMBER
control field X107844
008 - FIXED-LENGTH DATA ELEMENTS--GENERAL INFORMATION
fixed length control field 000000n2000 000 0 eng u
035 ## - SYSTEM CONTROL NUMBER
System control number (Sirsi) u107844
245 ## - TITLE STATEMENT
Title Hair v Gillman and Inskip
260 ## - PUBLICATION, DISTRIBUTION, ETC.
Date of publication, distribution, etc. 2000
490 ## - SERIES STATEMENT
Series statement Property and Compensation Reports
Volume/sequential designation [2000] 80 P&CR 108-116(9)
520 ## - SUMMARY, ETC.
Summary, etc. CA 17 February 2000. Claimants, H, owned a building which had a forecourt at the front. G had purchased a school building based at the rear of H's building from H's predecessor and parked her car on the forecourt. None of the leases in the past had included the forecourt or any express rights over it. H sought to declare that G had no right to park on the forecourt. G claimed that H's predecessor had agreed that she would be entitled to use the forecourt when she purchased the building. Judge concluded that this informal agreement was capable of being an easement. However, he found in favour of H. G appealed. Appeal allowed.
650 ## - SUBJECT ADDED ENTRY--TOPICAL TERM
Topical term or geographic name entry element EASEMENT
650 ## - SUBJECT ADDED ENTRY--TOPICAL TERM
Topical term or geographic name entry element IMPLIED GRANT
650 ## - SUBJECT ADDED ENTRY--TOPICAL TERM
Topical term or geographic name entry element HAIR V GILLMAN AND INSKIP
650 ## - SUBJECT ADDED ENTRY--TOPICAL TERM
Topical term or geographic name entry element PARKING
650 ## - SUBJECT ADDED ENTRY--TOPICAL TERM
Topical term or geographic name entry element LAW OF PROPERTY ACT 1925 S62
690 ## - LOCAL SUBJECT ADDED ENTRY--TOPICAL TERM (OCLC, RLIN)
Topical term or geographic name as entry element Boundary disputes
9 (RLIN) 6221
942 ## - ADDED ENTRY ELEMENTS (KOHA)
Suppress in OPAC 0
Holdings
Withdrawn status Lost status Source of classification or shelving scheme Damaged status Not for loan Home library Current library Shelving location Date acquired Total Checkouts Full call number Barcode Date last seen Copy number Price effective from Koha item type
    Dewey Decimal Classification     London London Journal article 17/08/2000   X107844 107844-1001 06/08/2019 1 06/08/2019 Law report